000 00405nam a2200145Ia 4500
008 100122s9999 xx 000 0 und d
082 _b4530
_a823
100 _aनाईक य ग
245 _aमृगजळातील नौका
260 _c1924
300 _a50
630 _aमृगजळातील नौका
730 _aमृगजळातील नौका
942 _cBOOK
999 _c398096
_d398093